000 00192nam a2200073Ia 4500
008 170817s9999 xx 000 0 und d
100 _aRAO D. B.
245 0 _aDISTANCE EDUCATION IN DIFFERENT COUNTRIES
260 _bA.P.H. PUB.
999 _c38085
_d38085